[Event "BCF-chT4S 1617 (4NCL)"]
[Site "England"]
[Date "2017.01.15"]
[Round "4.115"]
[White "Virin, Asaf"]
[Black "Bentham, Sam"]
[Result "0-1"]
[WhiteElo "1345"]
[BlackElo "1682"]
[PlyCount "92"]
[EventDate "2016.11.26"]
[EventType "team-swiss"]
[EventRounds "11"]
[EventCountry "ENG"]
[SourceTitle "EXT 2019"]
[Source "ChessBase"]
[SourceDate "2018.10.10"]
[SourceVersion "1"]
[SourceVersionDate "2018.10.10"]
[SourceQuality "1"]
[WhiteTeam "Barnet Knights III"]
[BlackTeam "Oxford III"]
[WhiteTeamCountry "ENG"]
[BlackTeamCountry "ENG"]

1. e4 c5 2. c4 g6 3. Nc3 Bg7 4. g3 Nc6 5. Bg2 e5 6. Nge2 Nge7 7. d3 0-0 8. Be3 d6 9. Nd5 Nxd5 10. cxd5 Ne7 11. 0-0 h6 12. Qd2 Kh7 13. f4 exf4 14. Bxf4 Bg4 15. Rac1 Qd7 16. Bf3 Rae8 17. b4 Bxf3 18. Rxf3 g5 19. Be3 cxb4 20. Qxb4 f5 21. Nd4 g4 22. Rf4 Nxd5 23. exd5 Rxe3 24. Nxf5 Rxf5 25. Qd2 Rxf4 26. Qxe3 Bd4 27. Re1 Bxe3+ 28. Rxe3 Rd4 29. Kf2 Qf5+ 30. Ke2 Qf3+ 31. Kd2 Qxe3+ 32. Kxe3 Rxd5 33. Ke4 Re5+ 34. Kd4 Kg6 35. Kc4 Kf6 36. d4 Rf5 37. a4 Ke6 38. d5+ Rxd5 39. h4 gxh3 40. a5 Rxa5 41. Kd3 h2 42. Ke2 Kf5 43. Kf3 h1Q+ 44. Kf2 Ra3 45. Ke2 Qh2+ 46. Ke1 Ra1# 0-1